=LDR 00000nam 2200000 4500 =001 INLIS000000000014868 =005 20130612110141 =008 ***********************************Ind** =035 ##$$0010-061300000014868 =041 ##$$a Ind =082 ##$$a 428 =090 ##$$a 428, Man g =100 ##$$a Manurung, Heldin =245 ##$$a Guide to everyday english conversation, Heldin Manurung; Penyunting Herman Sudradjat =260 ##$$a 2001 $b Jakarta =300 ##$$a vii, 187 hlm, 18 cm =650 ##$$a Percakapan =700 ##$$a Sudradjat, Herman =850 ##$$a NBPNMAT